00615nam a2200169Ia 4500020001800000082002400018245007500042260003700117300001200154650004300166650003900209650003800248650005600286650005800342700002000400700002500420 a81-316-0061-0 a307.1416091724 GLO- 0aGlobalizing cities: inequality and segregation in developing countries aJaipurbRawat Publicationsc2007 aix, 422 aCities and townszDeveloping countries aUrban policyzDeveloping countries aSegregationzDeveloping countries aGlobalizationvSocial aspectszDeveloping countries aGlobalizationvEconomic aspectszDeveloping countries aSandhu, Jasmeet aSandhu, Ranvinder S.